[Event "Frauenbundesliga 2011-12"]
[Site "Germany GER"]
[Date "2012.04.22"]
[Round "11.4"]
[White "Fuchs,Ju"]
[Black "Schoene,Mar"]
[Result "1-0"]
[WhiteElo "2217"]
[BlackElo "2186"]

1.e4 g6 2.d4 Bg7 3.Nc3 c6 4.Nf3 d6 5.h3 Nf6 6.Bd3 O-O 7.O-O Nbd7 8.Re1 e5
9.dxe5 dxe5 10.Be3 Qc7 11.a4 Re8 12.Ne2 Nf8 13.c3 Ne6 14.Qc2 Bf8 15.Bc4 h6
16.b4 Kh7 17.a5 Bd7 18.Red1 Bg7 19.Nc1 Nh5 20.Nd3 Bc8 21.Rd2 Nhf4 22.Nc5 Qe7
23.Kh2 Ng5 24.Nxg5+ hxg5 25.f3 Rh8 26.Rad1 g4 27.fxg4 Bxg4 28.hxg4 Qh4+ 29.Kg1 Kg8
30.Bxf4 exf4 31.Qd3 Be5 32.Qf3 Kg7 33.Rd7 Qh2+ 34.Kf2 Rh4 35.Ne6+ Kg8 36.Ng5  1-0

[Event "3rd LUC Open"]
[Site "Lille FRA"]
[Date "2012.04.26"]
[Round "5.7"]
[White "Simon,O"]
[Black "Degraeve,JM"]
[Result "0-1"]
[WhiteElo "2323"]
[BlackElo "2569"]

1.e4 g6 2.d4 Bg7 3.Nc3 c6 4.f4 d5 5.e5 Nh6 6.Nf3 f6 7.Be3 Bg4 8.h3 Bxf3 9.Qxf3 Nf5
10.Bf2 fxe5 11.dxe5 e6 12.O-O-O Nd7 13.h4 h5 14.g4 hxg4 15.Qxg4 Rh6 16.h5 Qe7
17.Bd3 gxh5 18.Rxh5 Rxh5 19.Qxh5+ Qf7 20.Qxf7+ Kxf7 21.Bxf5 exf5 22.Ne2 Bh6
23.Rh1 Kg6 24.Rg1+ Kh7 25.Kd1 Nf8 26.Be3 Ne6 27.Ke1 c5 28.Kf2 d4 29.Bd2 c4  0-1

[Event "3rd Royal Residence Cup"]
[Site "Zhovkva UKR"]
[Date "2012.04.27"]
[Round "5"]
[White "Vetoshko,V"]
[Black "Jurcik,Mart"]
[Result "1/2-1/2"]
[WhiteElo "2224"]
[BlackElo "2348"]

1.e4 g6 2.d4 Bg7 3.Nc3 c6 4.Be3 d5 5.Nf3 Bg4 6.h3 Bxf3 7.Qxf3 dxe4 8.Nxe4 Nd7
9.c3 Ngf6 10.Nxf6+ Nxf6 11.O-O-O Qd5 12.Qxd5 Nxd5 13.Bd2 O-O-O 14.g3 h5 15.h4 Bh6
16.f4 e6 17.Bg2  1/2-1/2

[Event "3rd Royal Residence Cup"]
[Site "Zhovkva UKR"]
[Date "2012.04.28"]
[Round "7"]
[White "Gavrish,L"]
[Black "Jurcik,Mart"]
[Result "0-1"]
[WhiteElo "2142"]
[BlackElo "2348"]

1.d4 g6 2.e4 Bg7 3.Nc3 c6 4.f4 d5 5.e5 Nh6 6.Nf3 Bg4 7.Be3 f6 8.Be2 Nd7 9.h3 Bxf3
10.Bxf3 Nf5 11.Bf2 fxe5 12.dxe5 e6 13.O-O O-O 14.Ne2 Qe7 15.g4 Nh6 16.Bg3 g5
17.Qd2 gxf4 18.Bxf4 Nf7 19.Rae1 Nfxe5 20.Bg2 Nc4 21.Qd3 e5 22.Bc1 e4 23.Qb3 b5
24.c3 Nc5 25.Qc2 Nd3 26.Rd1 Qc5+ 27.Kh2 Be5+ 28.Ng3 Ne3  0-1

[Event "ch-LAT 2012"]
[Site "Riga LAT"]
[Date "2012.05.04"]
[Round "8"]
[White "Neiksans,A"]
[Black "Daudzvardis,J"]
[Result "1-0"]
[WhiteElo "2524"]
[BlackElo "2152"]

1.e4 g6 2.d4 c6 3.Nc3 Bg7 4.Nf3 d5 5.h3 dxe4 6.Nxe4 Nf6 7.Nxf6+ exf6 8.Bd3 O-O
9.O-O Nd7 10.Bf4 Re8 11.c3 f5 12.a4 Nf6 13.Qb3 Nd5 14.Bh2 Bf8 15.Rfe1 Rxe1+
16.Rxe1 Kg7 17.Bc4 f6 18.Bf1 g5 19.c4 Ne7 20.d5 cxd5 21.cxd5 f4 22.Nd4 b6
23.Ba6 Bd7 24.g3 fxg3 25.Bxg3 Bxh3 26.Bb7 Ng6 27.Nc6  1-0

[Event "TCh-HUN 2011-12"]
[Site "Budapest HUN"]
[Date "2012.05.06"]
[Round "10"]
[White "Ilincic,Z"]
[Black "Boguszlavszkij,J"]
[Result "1-0"]
[WhiteElo "2467"]
[BlackElo "2240"]

1.d4 g6 2.e4 Bg7 3.Nc3 c6 4.Bc4 b5 5.Bb3 a5 6.a4 b4 7.Nce2 d6 8.Bg5 Nf6 9.Ng3 Ba6
10.h4 h5 11.Qf3 Qc7 12.O-O-O Nbd7 13.Nh3 Rf8 14.Rhe1 e5 15.dxe5 dxe5 16.Bxf6 Nxf6
17.Ng5 Qe7 18.Rd2 Bh6 19.Red1 Bxg5 20.hxg5 Nh7 21.Nf5 gxf5 22.exf5 e4 23.Qf4 Nxg5
24.f6 Qc5 25.Qc7 Bd3 26.Rxd3 exd3 27.Rxd3 Rh8 28.Qd7+  1-0

[Event "Albena Masters Open 2012"]
[Site "Albena BUL"]
[Date "2012.05.26"]
[Round "1.24"]
[White "Chen Yang"]
[Black "Popchev,M"]
[Result "1-0"]
[WhiteElo "2094"]
[BlackElo "2450"]

1.e4 g6 2.d4 Bg7 3.Nc3 c6 4.Be3 b5 5.Bd3 d6 6.Nf3 Nd7 7.O-O Bb7 8.Qd2 a6
9.Ne2 e5 10.c4 Ngf6 11.dxe5 dxe5 12.a4 O-O 13.cxb5 cxb5 14.axb5 Nxe4 15.Bxe4 Bxe4
16.Rfd1 Bf5 17.bxa6 Qb8 18.Ng3 Bg4 19.Ne4 Rd8 20.a7 Qb7 21.Nc5 Qc6 22.Nxd7 Rxd7
23.Qb4 Rxd1+ 24.Rxd1 Bxf3 25.Qb8+ Bf8 26.Rd8 Kg7 27.gxf3  1-0

[Event "Albena Masters Open 2012"]
[Site "Albena BUL"]
[Date "2012.05.27"]
[Round "2.11"]
[White "Carlsson,P"]
[Black "Shishkov,M"]
[Result "1-0"]
[WhiteElo "2531"]
[BlackElo "2293"]

1.e4 g6 2.d4 Bg7 3.Nc3 c6 4.Nf3 d6 5.h3 b5 6.Be3 Nd7 7.Qd2 Bb7 8.Bd3 Qc7
9.O-O b4 10.Ne2 c5 11.c3 bxc3 12.bxc3 Ngf6 13.Ng3 O-O 14.Bh6 Rac8 15.Qg5 e6
16.e5 dxe5 17.Bxg7 Kxg7 18.dxe5 Ng8 19.Be4 h6 20.Qf4 Bd5 21.Rfd1 Nb6 22.Qg4 Kh8
23.h4 Qe7 24.Qf4 Rfd8 25.a4 Bb3 26.Rxd8 Rxd8 27.a5 Nd5 28.Bxd5 Bxd5 29.Nd2 f5
30.exf6 Qxf6 31.Qe3 Qxh4 32.c4 Ba8 33.Nde4 Nf6 34.Nxf6 Qxf6 35.Re1 Kg7 36.Qxc5 Qf4  1-0

[Event "Asian Junior Girls 2012"]
[Site "Tashkent UZB"]
[Date "2012.06.01"]
[Round "3.10"]
[White "Bayzhanova,Zhanar"]
[Black "Mamatkulova,M"]
[Result "0-1"]
[WhiteElo "1994"]
[BlackElo "2031"]

1.e4 g6 2.d4 Bg7 3.Nc3 c6 4.Nf3 d6 5.h3 Nd7 6.Be3 Qa5 7.Qd2 Ngf6 8.Bd3 e5
9.O-O O-O 10.Rad1 Re8 11.Ng5 b5 12.f4 exd4 13.Bxd4 b4 14.Ne2 h6 15.e5 dxe5
16.fxe5 Nxe5 17.Ne4 Nxe4 18.Bxe4 Ba6 19.Rf2 Rad8 20.a3 Bxe2 21.Qxe2 bxa3
22.bxa3 Qxa3 23.Bxe5 Rxd1+ 24.Qxd1 Bxe5 25.Bxc6 Re7 26.Bd5 Qe3 27.Qf3 Bd4
28.Bxf7+ Kg7 29.Bc4 Qxf3 30.gxf3 Bxf2+ 31.Kxf2 Kf6 32.Bb5 Rc7 33.c4 Ke5 34.Ke3 g5
35.Ba6 Rc6 36.Bb5 Rc5 37.h4 Rxb5 38.cxb5 gxh4 39.f4+ Kf5 40.Kf3 h5 41.Kf2 Kxf4  0-1

[Event "Alushta Summer 1 2012"]
[Site "Alushta UKR"]
[Date "2012.06.03"]
[Round "2"]
[White "Kovalev,An"]
[Black "Azaladze,S"]
[Result "1-0"]
[WhiteElo "2471"]
[BlackElo "2489"]

1.e4 g6 2.d4 Bg7 3.Nc3 c6 4.Bc4 d6 5.Nf3 Nf6 6.Bb3 d5 7.e5 Nfd7 8.O-O O-O
9.Bf4 Nb6 10.h3 Na6 11.Qd2 Re8 12.Bh6 Bh8 13.Rfe1 Be6 14.Ne2 Nc7 15.Nf4 Bf5
16.c3 Bg7 17.Bxg7 Kxg7 18.g4 Bc8 19.Bc2 Ne6 20.b3 Rh8 21.Nxe6+ Bxe6 22.Ng5 Qd7
23.f4 Rag8 24.Kh2 h6 25.Nxe6+ fxe6 26.Rf1 h5 27.gxh5 Rxh5 28.Bxg6 Rh6 29.f5 Rgh8
30.Rf3 exf5 31.Bxf5 Qxf5 32.Qxh6+  1-0

[Event "11th TCh-BIH Premier"]
[Site "Jahorina BIH"]
[Date "2012.06.04"]
[Round "3.2"]
[White "Pap,M"]
[Black "Nurkic,S"]
[Result "1-0"]
[WhiteElo "2504"]
[BlackElo "2418"]

1.e4 g6 2.d4 Bg7 3.Nc3 c6 4.Nf3 Nf6 5.e5 Nd5 6.Nxd5 cxd5 7.Bf4 Qb6 8.Rb1 Nc6
9.c3 f6 10.exf6 Bxf6 11.Bd3 d6 12.O-O O-O 13.Be3 Qc7 14.Bc2 Bg4 15.h3 Bxf3
16.Qxf3 e6 17.Qg4 Rae8 18.h4 Kh8 19.Rbd1 a6 20.Bh6 Bg7 21.Bg5 Bf6 22.Bh6 Bg7
23.Bc1 Qf7 24.Rd3 Ne7 25.Rf3 Nf5 26.h5 gxh5 27.Qh3 Qg6 28.Re1 Qg4 29.Rf4 Qxh3
30.gxh3 b5 31.Kf1 Nh6 32.Rxf8+ Bxf8 33.Bb3 Nf5 34.Bxd5 Ng7 35.Bb7 a5 36.Bc6 Rb8
37.Bd2 b4  1-0

[Event "Alushta Summer 1 2012"]
[Site "Alushta UKR"]
[Date "2012.06.05"]
[Round "4"]
[White "Shchukin,D"]
[Black "Azaladze,S"]
[Result "1/2-1/2"]
[WhiteElo "2353"]
[BlackElo "2489"]

1.e4 g6 2.d4 Bg7 3.Nc3 c6 4.Nf3 d5 5.h3 Nf6 6.Bd3 dxe4 7.Nxe4 Nxe4 8.Bxe4 Nd7
9.c3 O-O 10.O-O c5 11.Be3 Qc7 12.Re1 a6 13.Qd2 cxd4 14.cxd4 Nf6 15.Bh6 Qd6
16.Rac1 Re8 17.Bxg7 Kxg7 18.Ne5 Rd8 19.Bf3 Rb8 20.Nc4 Qxd4 21.Qxd4 Rxd4 22.Rxe7 Kf8
23.Rc7 Ne8 24.Rc5 Be6 25.b3 b6 26.Re5 b5 27.Na5 Rd2 28.Re2 Rxe2 29.Bxe2 Rd8
30.a4 bxa4 31.bxa4 Rd4 32.Nb7 Bd5 33.Bxa6 Rxa4 34.Bb5 Rb4 35.Bxe8 Kxe8 36.Nc5 Ke7
37.Nd3 Rd4 38.Re1+  1/2-1/2

[Event "FSFMA June 2012"]
[Site "Budapest HUN"]
[Date "2012.06.05"]
[Round "4.3"]
[White "Darazs,Z"]
[Black "Gyomber,T"]
[Result "1-0"]
[WhiteElo "2136"]
[BlackElo "2059"]

1.e4 g6 2.d4 Bg7 3.Nc3 c6 4.f4 d5 5.e5 h5 6.Nf3 Nh6 7.Be3 a6 8.Qd2 Bf5 9.Bd3 e6
10.O-O-O Bxd3 11.Qxd3 Nf5 12.Bf2 Nd7 13.Ne2 Qa5 14.Kb1 c5 15.dxc5 Nxc5 16.Bxc5 Qxc5
17.Ned4 Nxd4 18.Nxd4 Rc8 19.Rd2 Bf8 20.Rhd1 Qc4 21.Qg3 Qc7 22.c4 Bb4 23.Rd3 Qxc4
24.a3 Ba5 25.Nxe6 Qe4 26.Ng5 Qf5 27.Ka2 Bd8 28.e6 Bxg5 29.exf7+ Kxf7 30.fxg5 h4
31.Qe3 Rhe8 32.Qd2 Qe6 33.Qf4+ Kg7 34.Qxh4 Rh8 35.Qd4+ Kg8 36.Re3 Qc6 37.Rc3 Qe6
38.Rxc8+ Qxc8 39.Qxd5+ Kg7 40.Qd7+ Qxd7 41.Rxd7+ Kf8 42.Rd8+  1-0

[Event "Server24Chess 2012"]
[Site "Ortisei ITA"]
[Date "2012.06.05"]
[Round "4"]
[White "Curien,N"]
[Black "Solomon,K"]
[Result "0-1"]
[WhiteElo "2235"]
[BlackElo "2429"]

1.d4 g6 2.e4 Bg7 3.Nc3 c6 4.h3 d6 5.Be3 Nd7 6.Nf3 b5 7.a4 b4 8.Nb1 Ngf6 9.Nbd2 O-O
10.Be2 Bb7 11.c3 bxc3 12.bxc3 c5 13.d5 Rb8 14.O-O e6 15.dxe6 fxe6 16.Ng5 Qe7
17.Qc2 d5 18.f4 dxe4 19.Ndxe4 Nd5 20.Bd2 h6 21.Bg4 hxg5 22.Nxg5 Rf6 23.Rae1 Nf8
24.f5 Ba6 25.c4 Nb4 26.Qe4 Bb7 27.Qe5 Rd8 28.Bxb4 cxb4 29.Qg3 Rd2 30.Ne4 Bxe4
31.Rxe4 gxf5 32.Bxf5 Qc5+ 33.Kh2 Rxf5 34.Rg4 Qe5  0-1

[Event "Alushta Summer 1 2012"]
[Site "Alushta UKR"]
[Date "2012.06.06"]
[Round "6"]
[White "Yandemirov,V"]
[Black "Azaladze,S"]
[Result "1/2-1/2"]
[WhiteElo "2392"]
[BlackElo "2489"]

1.e4 g6 2.d4 Bg7 3.Nc3 c6 4.Bc4 d5 5.exd5 b5 6.Bb3 b4 7.Na4 cxd5 8.a3 bxa3
9.Rxa3 Nf6 10.Nf3 O-O 11.O-O Nc6 12.Ne5 Na5 13.Ba2 Ba6 14.Re1 e6 15.Nc5 Bb5
16.Bg5 Qc7 17.Qd2 Nb7 18.Nxb7 Qxb7 19.Bh6 Ne4 20.Qc1 Qb6 21.Bxg7 Kxg7 22.Ng4 f5
23.Qh6+ Kg8 24.Rh3 Rf7 25.Rxe4 dxe4 26.Nf6+ Rxf6 27.Qxh7+ Kf8 28.Qh8+ Ke7
29.Qxa8 Qxd4 30.Qb7+ Bd7 31.Bc4 Qxc4 32.Rh7+ Rf7 33.Rxf7+ Kxf7 34.Qxd7+ Kf6
35.Qxa7 Qxc2 36.Qd4+ e5 37.Qd6+ Kf7 38.Qd7+  1/2-1/2

[Event "11th TCh-BIH Premier w"]
[Site "Jahorina BIH"]
[Date "2012.06.06"]
[Round "5.2"]
[White "Sulc,G"]
[Black "Petrovic,Mari"]
[Result "0-1"]
[WhiteElo "1948"]
[BlackElo "2189"]

1.e4 g6 2.d4 Bg7 3.Nc3 c6 4.Be3 Qb6 5.Na4 Qa5+ 6.c3 d6 7.b4 Qc7 8.Rc1 Nf6
9.Bd3 O-O 10.h3 e5 11.Ne2 Nbd7 12.Ng3 b5 13.Nb2 a5 14.a3 d5 15.O-O axb4 16.axb4 dxe4
17.Bxe4 Nxe4 18.Nxe4 Re8 19.dxe5 Nxe5 20.Nc5 Qe7 21.Bd4 Ra2 22.Nbd3 Nxd3
23.Qxd3 Bf5 24.Qf3 Be4 25.Qe3 Bd5 26.Rfe1 Qxe3 27.Rxe3 Rxe3 28.Bxe3 f5 29.h4 Kf7
30.Bf4 Bf6 31.Bg5 Bg7 32.Bf4 Ra3 33.Bd2 Bf6 34.g3 h6 35.Nd7 Bg7 36.Nb6 Be4
37.Nd7 g5 38.hxg5 hxg5 39.Nc5  0-1

[Event "FSFMA June 2012"]
[Site "Budapest HUN"]
[Date "2012.06.08"]
[Round "6.4"]
[White "Juracsik,J"]
[Black "Gyomber,T"]
[Result "1/2-1/2"]
[WhiteElo "2134"]
[BlackElo "2059"]

1.e4 g6 2.d4 Bg7 3.Nc3 c6 4.Be3 d5 5.h3 dxe4 6.Nxe4 Nf6 7.Nxf6+ exf6 8.Nf3 Be6
9.Be2 Nd7 10.O-O Nb6 11.Qc1 Bc4 12.Re1 Bxe2 13.Rxe2 O-O 14.c4 Re8 15.Qc2 Rc8
16.Bf4 Rxe2 17.Qxe2 Qe8 18.Qc2 Qe6 19.b3 Re8 20.Re1 Qd7 21.Rd1 Qe6 22.Qd2 Qd7
23.d5 cxd5 24.c5 Nc8 25.Qxd5 Qxd5 26.Rxd5 b6 27.cxb6 Nxb6 28.Ra5 Ra8 29.Be3 Nc8
30.Nd4 Bf8 31.Nc6 a6 32.Bd4 Ne7 33.Nxe7+ Bxe7 34.g4 Kf8 35.Kg2 Ke8 36.Kf3 Kd7
37.Ke4 Kc6 38.Ra4 Kb7 39.Rc4 Re8 40.Kd3 Rd8 41.Kc2 Rd5  1/2-1/2

[Event "Server24Chess 2012"]
[Site "Ortisei ITA"]
[Date "2012.06.08"]
[Round "7"]
[White "Sulskis,S"]
[Black "Fierro Baquero,M"]
[Result "1/2-1/2"]
[WhiteElo "2586"]
[BlackElo "2377"]

1.e4 g6 2.d4 Bg7 3.Nc3 c6 4.Bc4 d6 5.Qf3 e6 6.Nge2 b5 7.Bb3 a5 8.a4 b4 9.Nb1 Ba6
10.O-O Nd7 11.Bf4 Qe7 12.e5 dxe5 13.dxe5 Rc8 14.Nd2 Nxe5 15.Qg3 Bxe2 16.Bxe5 Nf6
17.Rfe1 Ba6 18.Bc4 Bxc4 19.Nxc4 Nh5 20.Qf3 Bxe5 21.Rxe5 O-O 22.Nxa5 Qd6 23.Rae1 c5
24.b3 Qd2 25.R5e2 Qf4 26.Qxf4 Nxf4 27.Rd2 Rfd8 28.Rxd8+ Rxd8 29.g3 Nd5 30.Nc4 Kf8
31.f4 Ne7 32.Re5 Rd1+ 33.Kf2 Rc1 34.Rxc5 Rxc2+ 35.Ke1 Nd5 36.a5 Ne3 37.a6 Ng2+
38.Kf1 Ne3+ 39.Kg1 Rg2+ 40.Kh1 Rc2 41.h4 Nxc4 42.a7 Ra2 43.Rc8+ Kg7 44.a8=R Rxa8
45.Rxa8 Nd2 46.g4 Nxb3 47.Kg2 h5 48.gxh5 gxh5 49.Rd8 Na5 50.Rb8 Nc4 51.Rxb4 Ne3+
52.Kg3 Kf6 53.Rb8 Nf5+ 54.Kh3 Ne7 55.Ra8 Nd5 56.Kg3 Ne7 57.Rh8 Nf5+ 58.Kh3 Kg6
59.Rg8+ Ng7 60.Kg2 Kh7 61.Rf8 Kg6 62.Kf2 Nf5 63.Rg8+ Kh6 64.Rh8+ Kg6 65.Rg8+ Kh6
66.Kf3 Nxh4+ 67.Ke4 Ng6 68.Re8 Nh4 69.Rg8 Ng6 70.Re8 Nh4 71.Rg8 Ng6 72.Re8  1/2-1/2

[Event "Server24Chess 2012"]
[Site "Ortisei ITA"]
[Date "2012.06.08"]
[Round "7"]
[White "Battistella,S"]
[Black "Molina,Fa"]
[Result "1/2-1/2"]
[WhiteElo "2104"]
[BlackElo "2269"]

1.e4 g6 2.d4 Bg7 3.Nc3 c6 4.Nf3 d6 5.h3 Nf6 6.Be2 O-O 7.a4 Nbd7 8.O-O Qc7
9.Re1 e5 10.dxe5 dxe5 11.Bc4 Nc5 12.Qe2 Bd7 13.b3 Ne6 14.Ba3 Rfe8 15.Bxe6 Bxe6
16.Ng5 Nd7 17.Nxe6 Rxe6 18.Rad1 Bf8 19.Bxf8 Nxf8 20.Qc4 Qe7 21.Rd3 Rd8 22.Rxd8 Qxd8
23.Rd1 Rd6 24.Rxd6 Qxd6 25.Qd3 Qxd3 26.cxd3 Ne6 27.Ne2 Kf8 28.Kf1 Ke7 29.Ke1 Kd6
30.Kd2 Kc5 31.Kc3 a5 32.h4 h5 33.g3 b5 34.f3 b4+ 35.Kb2 Nd4 36.Ng1 Kd6 37.f4 Ke6
38.Ka2 f5 39.Kb2 Kf6 40.Ka2 fxe4 41.dxe4 Ne6 42.Nf3 exf4 43.gxf4 c5 44.Kb2 Nxf4
45.Kc2 Ke6 46.Kd2 Kd6 47.Ke3 Ne6 48.Kd3 Nf8 49.Kc4 Nd7 50.Kb5 Ne5 51.Nd2 g5
52.hxg5 h4 53.Kxa5 h3 54.Nf1 Kc6 55.Nh2 Nc4+ 56.Ka6 Nd2 57.g6 Nxe4 58.g7 Nf6
59.Ka5 Ng8 60.Nf3 Ne7 61.Nh2 Ng8 62.Nf3 Ne7 63.Nh2 Ng8  1/2-1/2

[Event "Server24Chess 2012"]
[Site "Ortisei ITA"]
[Date "2012.06.09"]
[Round "8"]
[White "Manca,F"]
[Black "Thorsteinsson,T"]
[Result "1-0"]
[WhiteElo "2424"]
[BlackElo "2248"]

1.e4 g6 2.d4 Bg7 3.Nc3 c6 4.Bc4 d6 5.Qf3 Nf6 6.e5 dxe5 7.dxe5 Nd5 8.Nxd5 cxd5
9.Bxd5 O-O 10.Bxb7 Bxb7 11.Qxb7 Qa5+ 12.c3 Na6 13.Ne2 Nc5 14.Qf3 Nb3 15.Rb1 Qxa2
16.Qe4 Nc5 17.Qc2 Bxe5 18.Be3 Qc4 19.O-O Nb3 20.Rbd1 Rfd8 21.Nc1 Nxc1 22.Rxd8+ Rxd8
23.Rxc1 Bf4 24.Bxf4 Qxf4 25.Rd1 Rd6 26.g3 Qf3 27.Re1 a5 28.Qe2 Qxe2 29.Rxe2 Rb6
30.Rc2 e5 31.Kf1 f5 32.Ke2 Kf7 33.Kd3 Rc6 34.c4 Ke6 35.Kc3 Rd6 36.b4 axb4+
37.Kxb4 Rd1 38.Ra2 e4 39.h4 f4 40.gxf4 Kf5 41.Rc2 Rb1+ 42.Ka5 Ra1+ 43.Kb6 Rb1+
44.Kc7 Kxf4 45.c5 Ke5 46.c6 Ke6 47.Kc8 Rb4 48.c7 Ke7 49.Rc5 h5 50.Re5+ Kf6
51.Kd7 Rd4+ 52.Ke8 Rc4 53.Re7 Rc2 54.Kd8 Rc4 55.Rd7 Kf5 56.c8=Q Rxc8+ 57.Kxc8 Kg4
58.Rg7 Kf3 59.Rxg6 Kxf2 60.Rg5 e3 61.Rxh5  1-0

[Event "TCh-NOR Clubs 2012"]
[Site "Fagernes NOR"]
[Date "2012.06.10"]
[Round "5"]
[White "Mikalsen,E"]
[Black "Tangen,K"]
[Result "1/2-1/2"]
[WhiteElo "2079"]
[BlackElo "2072"]

1.e4 g6 2.d4 Bg7 3.Nc3 c6 4.g3 d5 5.e5 h5 6.Be3 Nh6 7.Bg2 Nf5 8.Nf3 Na6 9.Qe2 Nc7
10.O-O-O b6 11.Kb1 Ba6 12.Qe1 Qd7 13.Bc1 O-O-O 14.Ng5 e6 15.f4 Bf8 16.Ka1 Kb8
17.h3 c5 18.Nf3 cxd4 19.Nxd4 Nxd4 20.Rxd4 Bc5 21.Rd1 Qe8 22.g4  1/2-1/2

[Event "Server24Chess 2012"]
[Site "Ortisei ITA"]
[Date "2012.06.10"]
[Round "9"]
[White "Valsecchi,A"]
[Black "Okhotnik,V"]
[Result "1-0"]
[WhiteElo "2413"]
[BlackElo "2463"]

1.e4 g6 2.d4 Bg7 3.Nc3 c6 4.Nf3 d6 5.Be3 Nf6 6.h3 O-O 7.Bd3 Nbd7 8.a4 Qc7
9.O-O e5 10.Qd2 a5 11.Rad1 Re8 12.Rfe1 exd4 13.Nxd4 Nc5 14.f3 Nxd3 15.Qxd3 Nd7
16.b3 Nc5 17.Qd2 Be6 18.Qf2 Rad8 19.Nxe6 fxe6 20.Ne2 b6 21.c4 Rb8 22.Bxc5 bxc5
23.Rd3 Qe7 24.Kf1 g5 25.Red1 Be5 26.Qe1 Ra8 27.g3 Rf8 28.Kg2 Qf6 29.Qf2 Rab8
30.Rf1 Qg6 31.Qe3 Rb7 32.Kh2 Rbf7 33.f4 Kh8 34.Rg1 gxf4 35.gxf4 Qh5 36.Rg4 Rxf4
37.Nxf4 Rxf4 38.Rxf4 Qg5 39.Kh1 Bxf4 40.Qf3 Qe5 41.Rd1 Bh6 42.Rg1 Bg7 43.h4 h6
44.h5 Kh7 45.Rg6 Kg8 46.Kg2 Qb2+ 47.Kh3 Qe5 48.Kg4 Kh7 49.Qf4 Qd4 50.Rxe6 Qg1+
51.Qg3 Qc1 52.Qf3 Bf8 53.Qf7+  1-0

[Event "OKU Open GpA 2012"]
[Site "Utrecht NED"]
[Date "2012.06.10"]
[Round "6.7"]
[White "Goes,S"]
[Black "Koudinov,D"]
[Result "1-0"]
[WhiteElo "2147"]
[BlackElo "2044"]

1.e4 g6 2.d4 Bg7 3.Nc3 c6 4.Nf3 d5 5.h3 dxe4 6.Nxe4 Nd7 7.Bc4 Ngf6 8.Qe2 O-O
9.O-O Qc7 10.Neg5 Nb6 11.Bb3 Nbd5 12.c4 Nf4 13.Qe3 Ne6 14.Bd2 h6 15.Nxe6 Bxe6
16.Rfe1 Rfe8 17.Ne5 g5 18.Bc2 Rad8 19.Bc3 Qc8 20.g4 Nh7 21.f4 gxf4 22.Qxf4 Qc7
23.Bxh7+ Kxh7 24.Qe4+ f5 25.gxf5 Kg8  1-0

[Event "15th Heraklion Open"]
[Site "Athens GRE"]
[Date "2012.06.14"]
[Round "6.2"]
[White "Petrakis,I"]
[Black "Papadimitriou,L"]
[Result "1-0"]
[WhiteElo "2217"]
[BlackElo "2143"]

1.e4 c6 2.d4 g6 3.Nc3 Bg7 4.Nf3 d6 5.h3 b5 6.Bd3 Nd7 7.Bg5 Bb7 8.O-O Qb6
9.a4 a6 10.Re1 Bxd4 11.Nxd4 Qxd4 12.axb5 cxb5 13.Be3 Qg7 14.Nxb5 axb5 15.Rxa8+ Bxa8
16.Qa1 Bb7 17.Qa7 Ngf6 18.Qxb7 O-O 19.Ra1 Nc5 20.Qxe7 Re8 21.Qxd6 Ncxe4 22.Qc6 Qf8
23.Bxe4 Nxe4 24.Bh6 Rc8 25.Ra8  1-0

[Event "3rd Forni di Sopra Open"]
[Site "Forni di Sopra ITA"]
[Date "2012.06.16"]
[Round "1.13"]
[White "Ninov,N"]
[Black "Laco,G"]
[Result "1-0"]
[WhiteElo "2471"]
[BlackElo "2105"]

1.e4 g6 2.d4 Bg7 3.Nc3 c6 4.h3 d5 5.Nf3 f6 6.Qe2 a6 7.e5 f5 8.Bf4 e6 9.g4 Ne7
10.Nh4 a5 11.gxf5 exf5 12.Qd2 Kf7 13.Nf3 h6 14.h4 Ng8 15.Rg1 Be6 16.h5 gxh5
17.O-O-O Bf8 18.Rh1 Ke7 19.Rxh5 Qe8 20.Rh2 Kd7 21.Nh4 a4 22.Qd3 Qf7 23.Bh3 Ne7
24.Ne2 a3 25.b3 Na6 26.Bd2 Bg7 27.Nf4 h5 28.Nxe6 Kxe6 29.Nf3 Kd7 30.Ng5 Qg6
31.e6+ Kc8 32.Nf7 Rg8 33.Nd6+ Kb8 34.Nxf5 Qf6 35.Bf4+ Ka7 36.Be5 Bh6+ 37.Kb1 Qxe6
38.f4 Nb4 39.Nxh6 Qxh6 40.Qc3 Na6 41.Qa5 Raf8 42.Bc7 Rxf4 43.Bxf4 Qxf4 44.Rhh1 Qf3
45.Qxa3 c5 46.dxc5 Nc6 47.Bd7 Nb4 48.Rhf1 Qe2 49.Bf5 Rg2 50.Qa5 Nxc2 51.Bd3  1-0

[Event "3rd Forni di Sopra Open"]
[Site "Forni di Sopra ITA"]
[Date "2012.06.19"]
[Round "5.8"]
[White "Boscolo,F"]
[Black "Naroditsky,D"]
[Result "1-0"]
[WhiteElo "2300"]
[BlackElo "2479"]

1.e4 c6 2.Nc3 g6 3.d4 Bg7 4.Nf3 d5 5.h3 Nh6 6.g4 f6 7.Qe2 O-O 8.Bd2 Nf7 9.O-O-O Na6
10.Kb1 Nc7 11.Bg2 b6 12.exd5 cxd5 13.Bf4 Nd6 14.Rhe1 Re8 15.Bg3 Ba6 16.Qd2 Bb7
17.h4 b5 18.h5 b4 19.Na4 Ne4 20.Qxb4 Bc6 21.Nc5 Rb8 22.Qa5 Nxg3 23.fxg3 Qd6
24.hxg6 hxg6 25.Nh4 Qxg3 26.Rg1 Qd6 27.Nxg6 Rb5 28.Qd2 Reb8 29.b3 Kf7 30.Nh4 e6
31.Qd3 Rh8 32.Rh1 Rh6 33.Nf3 Rxh1 34.Rxh1 e5 35.Qf5 Ke7 36.Qg6 Kf8 37.Nh4 Qe7
38.Nf5 Qf7 39.Qxf7+ Kxf7 40.Nd6+ Kg6 41.Nxb5 Nxb5 42.dxe5 fxe5 43.c4 Nc3+
44.Kc2 Nxa2 45.Ra1 Nb4+ 46.Kd2 e4 47.Rxa7 Bd4 48.Ra5 dxc4 49.Bxe4+ Bxe4 50.Nxe4 cxb3
51.Rb5 Nc6 52.Rxb3 Ne5 53.Rb5 Kh6 54.Rd5 Ba1 55.Rd6+ Kg7 56.Ra6 Bd4 57.g5 Nf3+
58.Ke2 Nh4 59.Ng3 Kf7 60.Kd3 Be5 61.Nf5 Ng6 62.Ra7+ Kf8 63.Ke4 Bf4 64.Ra6  1-0

[Event "5th Karen Asrian Memorial"]
[Site "Jermuk ARM"]
[Date "2012.06.20"]
[Round "5.14"]
[White "Torosyan,N"]
[Black "Minasian,Art"]
[Result "0-1"]
[WhiteElo "2137"]
[BlackElo "2506"]

1.e4 g6 2.d4 Bg7 3.Nc3 c6 4.Nf3 d6 5.Be2 Nd7 6.O-O b5 7.a3 Bb7 8.Be3 Ngf6
9.e5 dxe5 10.dxe5 Ng4 11.e6 fxe6 12.Bf4 Nc5 13.Qc1 e5 14.Be3 Nxe3 15.Qxe3 Ne6
16.a4 b4 17.Ne4 Nd4 18.Neg5 h6 19.Ne4 Qd5 20.Nfd2 Nxe2+ 21.Qxe2 O-O 22.Nb3 Ba6
23.Qxa6 Qxe4 24.Rac1 Rf5 25.Qb7 Raf8 26.Qxa7 Rg5 27.g3 Qg4 28.a5 Qh3 29.Qe3 Rh5
30.Rfd1 Qxh2+ 31.Kf1 Rhf5 32.Rd2 Rf3 33.Qc5 e4  0-1

[Event "5th Karen Asrian Memorial"]
[Site "Jermuk ARM"]
[Date "2012.06.21"]
[Round "6.11"]
[White "Shahinyan,D"]
[Black "Gabuzyan,H"]
[Result "0-1"]
[WhiteElo "2368"]
[BlackElo "2457"]

1.e4 g6 2.d4 Bg7 3.Nc3 c6 4.Be3 d5 5.e5 h5 6.f4 Nh6 7.Nf3 Bg4 8.h3 Nf5 9.Bf2 Bxf3
10.Qxf3 h4 11.Bd3 e6 12.O-O Nd7 13.a4 Qa5 14.Ne2 Bf8 15.c3 Qc7 16.a5 a6 17.b4 Be7
18.Rab1 Kf8 19.c4 dxc4 20.Bxc4 Kg7 21.Rfc1 Qd8 22.Nc3 Qe8 23.Ne4 Nf8 24.Rd1 Rd8
25.Qc3 Kg8 26.Nd2 Rd7 27.Nf3 Qd8 28.Bd3 Rd5 29.Be4 Rb5 30.Bd3 Rd5 31.Bc4 Rd7
32.Qe1 Ng7 33.Bb3 Nh5 34.Qe4 Rd5 35.Bc4 Ng7 36.Qe1 Rd7 37.Bd3 Nh5 38.Qe3 Rd5
39.Be4 Rb5 40.Be1 Ng7 41.Bd3 Rd5 42.Bc4 Rd7 43.Bf2 Rh5 44.Be2 Rf5 45.Bd3 Nh5
46.Bxf5 gxf5 47.d5 cxd5 48.Ne1 Ng6 49.Nd3 Qf8 50.Rf1 Qh6 51.Be1 Rc7 52.Rc1 Rc4
53.Rxc4 dxc4 54.Nb2 Ngxf4 55.Nxc4 Bg5 56.Bd2 Ng3 57.Rxf4 Bxf4 58.Qd3 Bxd2
59.Nxd2 Kh7 60.Qd8 Kg7 61.Nf3 Qc1+ 62.Kf2 Ne4+ 63.Ke2 Qc2+ 64.Ke3 Qf2+ 65.Kf4 Qxg2
66.Qxh4 Qb2 67.Qe1 Nc3 68.Qg1+ Kh8 69.Kg5 Qxb4 70.Kh5 Qf8 71.Qc1 Ne4 72.Ng5 Ng3+
73.Kh4 Ne2 74.Nxf7+ Qxf7 75.Qc8+ Qg8  0-1

[Event "5th Karen Asrian Memorial"]
[Site "Jermuk ARM"]
[Date "2012.06.24"]
[Round "9.9"]
[White "Harutjunyan,G"]
[Black "Kalashian,D"]
[Result "1/2-1/2"]
[WhiteElo "2460"]
[BlackElo "2408"]

1.e4 c6 2.d4 g6 3.Nc3 Bg7 4.Bc4 d6 5.Qf3 e6 6.d5 Nf6 7.dxe6 Bxe6 8.Bxe6 fxe6
9.e5 dxe5 10.Qh3 Qe7 11.Nf3 O-O 12.Bg5 Nbd7 13.O-O-O Qf7 14.Bxf6 Bxf6 15.Ne4 Nb6
16.Rhe1 Rad8 17.Nxf6+ Qxf6 18.Rxd8 Rxd8 19.Nxe5 Nd5 20.Nd3 Nf4 21.Nxf4 Qxf4+
22.Qe3 Qxe3+ 23.Rxe3 Kf7 24.Ra3 a6 25.Rb3  1/2-1/2

[Event "3rd Mediterranean Open"]
[Site "Terrasini ITA"]
[Date "2012.06.26"]
[Round "4"]
[White "Bertino,G"]
[Black "Assmann,Norbert"]
[Result "0-1"]
[WhiteElo "1987"]
[BlackElo "1921"]

1.e4 g6 2.d4 Bg7 3.Nc3 c6 4.Bc4 d6 5.Qf3 e6 6.Nge2 Nd7 7.h4 Nb6 8.Bd3 e5
9.dxe5 dxe5 10.h5 Be6 11.b3 Qd7 12.a4 Qc7 13.hxg6 fxg6 14.Be3 Nf6 15.a5 Nbd7
16.Qg3 Ng4 17.Nd4 exd4 18.Qxc7 dxe3 19.Qxb7 Bxc3+ 20.Ke2 Ke7 21.Raf1 Nxf2
22.Rxh7+ Rxh7 23.Qxa8 Bd4 24.Rxf2 exf2 25.c3 Bg4+ 26.Kd2 Be5 27.Qxc6 Rh1
28.Qxg6 Rd1+ 29.Kc2 Rxd3 30.Qh7+ Kd6 31.Qh6+ Kc7 32.Kxd3 f1=Q+ 33.Kc2 Qf2+
34.Kb1 Bxc3 35.Qc1 Qd2  0-1

[Event "30th Greek Cup 2012"]
[Site "Achaea GRE"]
[Date "2012.06.28"]
[Round "1.2"]
[White "Kotronias,V"]
[Black "Skembris,S"]
[Result "1-0"]
[WhiteElo "2595"]
[BlackElo "2460"]

1.e4 c6 2.d4 g6 3.Nc3 Bg7 4.Bc4 d5 5.exd5 b5 6.Bb3 b4 7.Nce2 cxd5 8.Bd2 a5
9.a3 bxa3 10.Rxa3 Nc6 11.Nf3 e6 12.Ba4 Bd7 13.Bxc6 Bxc6 14.Qa1 a4 15.Bb4 Ne7
16.Ne5 Qb8 17.Bxe7 Bxe5 18.dxe5 Kxe7 19.Re3 a3 20.bxa3 Qb4+ 21.Qc3 Qxc3+
22.Rxc3 Rhb8 23.Kd2 Rb6 24.Nd4 Bd7 25.Ra1 Ra4 26.Ke3 g5 27.h4 h6 28.hxg5 hxg5
29.Rh1 Rba6 30.Rh5 Rxa3 31.Rb3 g4 32.Rg5 f5 33.Rg7+ Kd8 34.f3 gxf3 35.gxf3 R6a4
36.Kd3 Ke8 37.Rg8+ Ke7 38.Rb8 Ra7 39.Ke3 R3a4 40.c3 Ra3 41.Kf4 Rxb3 42.Rxb3 Ra8
43.Rb7 Rc8 44.Ne2 Rc5 45.Kg5 Rc8 46.Ra7 Rg8+ 47.Kh6 Rc8 48.Kg7 Rc4 49.Rb7 Rc5
50.Rb8 Bc8 51.Ra8 Rc7 52.Ra4 Bd7 53.Rh4 Bb5 54.Nd4 Bd7 55.Rh7 Rxc3 56.Kg6+ Kd8
57.Kf6 Kc8 58.Rh8+ Kb7 59.Ke7 Bc8 60.Nb5 Rc6 61.Nd6+ Kb8 62.Rd8 Rc7+ 63.Kf6 Rc6
64.Nxc8 Rxc8 65.Rd6 Rc3 66.Kxe6 Rxf3 67.Kd7 f4 68.e6 Re3 69.e7 f3 70.e8=Q+ Rxe8
71.Kxe8 f2 72.Rf6 Kc7 73.Ke7 d4 74.Rxf2 Kc6 75.Ke6 Kc5 76.Ke5 Kc4 77.Rf4  1-0